| 000 | 00000nas 2200000zi 4500 |
| 001 | 9.889960 |
| 003 | CaOODSP |
| 005 | 20250113151621 |
| 006 | m o d f |
| 007 | cr cn||||||||| |
| 008 | 200729c20179999qucar p o f0###b0fre|d |
| 022 | |y1927-2456 |
| 040 | |aCaOODSP|bfre|erda|cCaOODSP |
| 043 | |an-cn--- |
| 086 | 1 |aEn81-31F-PDF|zEn81-10F-PDF |
| 245 | 00|aRendement des émissions de polluants atmosphériques du parc de véhicules routiers de l'année de modèle … : |brelativement au Règlement sur les émissions des véhicules routiers et de leurs moteurs pris en application de la Loi canadienne sur la protection de l'environnement (1999). |
| 264 | 1|aGatineau (Québec) : |bEnvironnement et changement climatique Canada = Environment and Climate Change Canada, |c[2020]- |
| 310 | |aAnnuel |
| 336 | |atexte|btxt|2rdacontent/fre |
| 337 | |ainformatique|bc|2rdamedia/fre |
| 338 | |aressource en ligne|bcr|2rdacarrier/fre |
| 362 | 1 |aParaît depuis : 2017. |
| 500 | |aPublié aussi en anglais sous le titre : Air pollutant emission performance for the … model year on-road vehicle fleet. |
| 500 | |aLes livraisons de 2020- ne comportent pas de sous-titre. |
| 588 | |aDescription d'après : 2017. |
| 588 | |aDernière livraison consultée : 2020. |
| 650 | 6|aAir|xPollution|zCanada|vPériodiques. |
| 650 | 6|aAutomobiles|xMoteurs|xGaz d'échappement|zCanada|vPériodiques. |
| 655 | 7|aPériodiques|2rvmgf |
| 710 | 1 |aCanada. |bEnvironnement et changement climatique Canada, |eorganisme de publication. |
| 775 | 08|tAir pollutant emission performance for the … model year on-road vehicle fleet : |w(CaOODSP)9.889955 |
| 780 | 00|tRendement des émissions moyennes de NOx du parc de véhicules légers, de camionnettes et de véhicules moyens à passagers pour l'année modèle ... |w(CaOODSP)9.502593 |